| 000 | 01004nam a2200289 a 4500 | ||
|---|---|---|---|
| 001 | 1165 | ||
| 005 | 20251208104239.0 | ||
| 020 | _a0307004589 | ||
| 040 |
_aPE _cDLC _dDLC _beng |
||
| 050 | 0 | 0 | _aPZ7.K865 |
| 082 | _aFic | ||
| 100 | 1 | _aKrasilovsky, Phyllis. | |
| 245 | 1 | 4 |
_aThe Christmas tree that grew / _cby Phyllis Krasilovsky ; illustrated by Kathy Wilburn. |
| 260 |
_aRacine, Wis. : _bWestern Publshing Company, Inc., _c1987. |
||
| 300 |
_a23 unnumbered pages: _bcolors illustrations. ; _c21 cm. |
||
| 490 | 0 | _aA Little golden book | |
| 500 | _a"A Golden book, New York." | ||
| 505 | _aF | ||
| 520 | _aThe Adam family bought a live Christmas tree that grew so tall it reached into their neighbors' apartments. | ||
| 521 |
_a300
_bLexile |
||
| 521 |
_aF
_bRaz-Plus |
||
| 650 | 0 |
_aChristmas trees _xJuvenile fiction. |
|
| 650 | 1 |
_aChristmas trees _xFiction. |
|
| 700 | 1 |
_aWilburn, Kathy, _eillustrator. |
|
| 906 |
_a7 _bcbc _ccopycat _d3 _eocip _f19 _gy-gencatlg |
||
| 942 |
_2ddc _cBK _n0 |
||
| 999 |
_c1165 _d1165 |
||